000 00713cam a2200229 4500
001 agr68000092
003 DLC
005 20260227111029.0
008 691216s1968 dcua 000 0 eng c
010 _aagr68000092
040 _aU.S. Nat'l Agr. Libr.
_cDLC
_dDLC
050 1 0 _aTX7
_b.U6 no. 146
070 0 _a1 Ag84Hg no. 146
110 1 _aUnited States.
_bConsumer and Marketing Service.
245 1 0 _aHow to buy beef roasts.
260 _a[Washington,
_bU.S. Govt. Print. Off.,
_c1968]
300 _a15 p.
_billus.
_c23 x 11 cm.
490 1 _aUnited States. Dept. of Agriculture. Home and garden bulletin
_vno. 146
650 0 _aBeef.
650 3 _aBeef.
830 0 _aHome and garden bulletin ;
_vno. 146.
999 _c12401
_d12401